Notas críticas, opiniones y diferencias de Schuré, Echegaray, Unamuno, F. Alsina, G. Baquero, M. Bueno, R.F. Valbuena, S. Calderón, Laserna, Cajal, etc. / (Record no. 138252)

MARC details
000 -LEADER
campo de control de longitud fija 00833nam a2200217 i 4500
001 - NÚMERO DE CONTROL
campo de control 138252
003 - IDENTIFICADOR DE NÚMERO DE CONTROL
campo de control ES-MaACL
005 - FECHA Y HORA DE LA ÚLTIMA TRANSACCIÓN
campo de control 20230906195530.0
007 - CAMPO FIJO DE DESCRIPCIÓN FÍSICA--INFORMACIÓN GENERAL
campo de control de longitud fija t|
008 - DATOS DE LONGITUD FIJA--INFORMACIÓN GENERAL
campo de control de longitud fija 070214s1906 sp |||| |dspa d
080 ## - NÚMERO DE LA CLASIFICACIÓN DECIMAL UNIVERSAL
Número de la Clasificación Decimal Universal 929(100)"18/19":82
100 1# - ENTRADA PRINCIPAL--NOMBRE DE PERSONA
Nombre de persona Sánchez Torres, Enrique.
9 (RLIN) 102958
245 10 - MENCIÓN DEL TÍTULO
Título Notas críticas, opiniones y diferencias de Schuré, Echegaray, Unamuno, F. Alsina, G. Baquero, M. Bueno, R.F. Valbuena, S. Calderón, Laserna, Cajal, etc. /
Mención de responsabilidad, etc. Enrique Sánchez Torres.
260 ## - PUBLICACIÓN, DISTRIBUCIÓN, ETC.
Lugar de publicación, distribución, etc. Madrid :
Nombre del editor, distribuidor, etc. [s. n.],
Fecha de publicación, distribución, etc. 1906 (
Fabricante Ginés Carrión)
300 ## - DESCRIPCIÓN FÍSICA
Extensión 62 p. ;
Dimensiones 19 cm.
650 #4 - PUNTO DE ACCESO ADICIONAL DE MATERIA--TÉRMINO DE MATERIA
Término de materia o nombre geográfico como elemento de entrada Escritores españoles-
Subdivisión cronológica S.XIX.
9 (RLIN) 145488
650 #4 - PUNTO DE ACCESO ADICIONAL DE MATERIA--TÉRMINO DE MATERIA
Término de materia o nombre geográfico como elemento de entrada Escritores españoles-
Subdivisión cronológica S.XX.
9 (RLIN) 12391
650 #4 - PUNTO DE ACCESO ADICIONAL DE MATERIA--TÉRMINO DE MATERIA
Término de materia o nombre geográfico como elemento de entrada Intelectuales-
Subdivisión geográfica España-
Subdivisión cronológica S.XIX.
9 (RLIN) 154348
650 #4 - PUNTO DE ACCESO ADICIONAL DE MATERIA--TÉRMINO DE MATERIA
Término de materia o nombre geográfico como elemento de entrada Intelectuales-
Subdivisión geográfica España-
Subdivisión cronológica S.XX.
9 (RLIN) 13853
852 ## - LOCALIZACIÓN
Ubicación ES-MaACL
Número de control de estantería T-1341-F-5
Holdings
Estatus retirado Estado de pérdida Estado de daño No para préstamo Colección Biblioteca de origen Biblioteca actual Ubicación en estantería Fecha de adquisición Fuente de adquisición Total de préstamos Signatura topográfica completa Código de barras Visto por última vez Precio de reemplazo Tipo de ítem Koha
        Colección de folletos Biblioteca del Ateneo de Madrid Biblioteca del Ateneo de Madrid Depósito folletos 17/01/2008     T-1341-F-5 1143861 23/02/2023 23/02/2023 Folleto